| 000 | 01425nam0a2200373 4500 | ||
|---|---|---|---|
| 001 | RU\NLR\bibl\1065787 | ||
| 005 | 20250615041933.0 | ||
| 010 | _a5-93925-105-6 | ||
| 010 |
_a1-8499-4422-8 _92000 |
||
| 021 |
_aRU _b2007-8300 _9440 |
||
| 035 | _a(nilc)RSL-KNO-003038892 | ||
| 035 | _a(NLR Aleph) 001053040 | ||
| 090 |
_a890758 _c890758 |
||
| 100 | _a20070213d2006 |||y0rusy50 ca | ||
| 101 | 1 |
_arus _ceng |
|
| 102 | _aRU | ||
| 105 | _ay zzzz||||| | ||
| 106 | _ar | ||
| 200 | 1 |
_aСердца, полные огня _eвосемь женщин - членов гонимых церквей и истории их веры, за которую они пострадали _f[пер. с англ. К. Мынбаева] |
|
| 210 |
_aСанкт-Петербург _cШандал _d2006 |
||
| 215 |
_a310, [2] с. _cил. _d20 |
||
| 225 | 1 | _aПосланники | |
| 225 | 1 | _a"Голос мучеников" | |
| 606 | 1 |
_aХристианство _z20 - 21 вв. _92402817 _3RU\NLR\auth\661432181 |
|
| 610 | 0 | _aРелигия -- Христианство -- Религиозный культ -- Культ пророков и святых -- Жития святых | |
| 686 |
_aЭ37-574.3,0 _2rubbk |
||
| 686 | _aЭ37-363 | ||
| 801 | 0 |
_aRU _bРКП _c20070213 _grcr |
|
| 801 | 1 |
_aRU _bРГБ _c20070213 |
|
| 801 | 2 |
_aRU _bNLR _c20070329 _grcr |
|
| 942 | _cBOOK | ||
| 980 | _aNB | ||